[Event "Reykjavik Chess Congress 2018"]
[Site "Reykjavik"]
[Date "2018.01.24"]
[Round "5"]
[White "Bergsson, Stefan"]
[Black "Birkisson, Bjorn Holm"]
[Result "1-0"]
[WhiteElo "2093"]
[BlackElo "2084"]
[Annotator "NA RC"]
[PlyCount "72"]
[EventDate "2018.??.??"]
[EventType "swiss"]
[EventCountry "ISL"]
[SourceTitle "playchess.com"]
[Source "ChessBase"]
[SourceQuality "1"]
[TimeControl "40/5400+30:900+30"]

{[%evp 9,71,17,32767,32767,32767,32767,32767,0,-6,-14,-4,-25,32767,32767,47,56,32767,48,71,43,66,55,44,33,35,22,82,37,123,99,114,112,224,113,158,133,148,127,143,153,124,156,130,107,151,153,281,281,267,32767,32767,32767,32767,32767,32767,32767,156,-31,0,0,0,-11,70,94]} 1. e4 {[%emt 0:00:00]} Nc6 {[%emt 0:02:28]} 2. Nc3 {[%emt 0:00:24]} d6 {[%emt 0:01:27]} 3. f4 {[%emt 0:00:21]} g6 {[%emt 0:02:53]} 4. Nf3 {[%emt 0:00:11]} Bg7 {[%emt 0:00:12]} 5. Bc4 {[%emt 0:01:57] B07: Pirc Defence: Miscellaneous Systems} (5. d4 Bg4 6. Be3 Bxf3 7. gxf3 e6 8. Qd2 d5 9. O-O-O Nge7 10. Rg1 Qd7 11. Kb1 O-O-O 12. Ne2 Kb8 13. Bh3 dxe4 14. fxe4 f5 15. d5 exd5 16. e5 Qe6 17. c3 d4 18. cxd4 {½-½ (28) Vojta,T (2350)-Turner,J (2364) Prague 2017}) 5... Na5 {[%emt 0:05:25]} 6. Bb5+ {[%emt 0:01:49]} Bd7 $146 {[%emt 0:07:14]} ({Find the theoretical novelty and annotate with similar games:} 6... c6 7. Be2 c5 8. O-O e6 9. d4 cxd4 10. Nxd4 Ne7 11. Ndb5 d5 12. exd5 exd5 13. Nxd5 Nxd5 14. Qxd5 {0-1 (30) Ebelshaeuser,P-Thomas,A Mehlingen 1992}) 7. Be2 {[%emt 0:00:52]} c5 {[%emt 0:02:48]} 8. O-O {[%emt 0:04:29]} Nc6 {[%emt 0:09:12]} 9. Kh1 {[%emt 0:03:45]} Nh6 {[%emt 0:04:45]} 10. Qe1 {[%emt 0:09:54]} Nd4 {[%emt 0:07:13]} 11. Bd1 {[%emt 0:00:38]} e5 {[%emt 0:17:35]} ({Black should try} 11... e6 $15) 12. d3 {[%emt 0:08:35]} O-O {[%emt 0:09:33]} 13. fxe5 {[%emt 0:17:41]} Nxf3 {[%emt 0:00:37]} 14. Bxf3 {[%emt 0:00:20]} dxe5 {[%emt 0:00:09]} 15. Be3 {[%emt 0:04:13]} Rc8 {[%emt 0:11:23]} 16. h3 {[%emt 0:09:19]} Kh8 {[%emt 0:06:58]} 17. a4 {[%emt 0:04:14]} Ng8 {[%emt 0:01:56]} 18. a5 {[%emt 0:03:54]} b5 {[%emt 0:02:32]} (18... Be6 $11 {remains equal.}) 19. Qf2 {[%emt 0:01:39]} Qc7 {[%emt 0:01:31]} 20. Nd5 {[%emt 0:01:03]} Qc6 {[%emt 0:00:31]} (20... Qd6 $16 {might work better.}) 21. Rfc1 {[%emt 0:02:00]} (21. b4 $18 {and White stays clearly on top.}) 21... Rfe8 {[%emt 0:02:20]} (21... f5 $142) 22. c3 {[%emt 0:02:51]} a6 {[%emt 0:00:32]} 23. Nb6 {[%emt 0:00:28]} Rc7 {[%emt 0:00:08]} 24. d4 {[%emt 0:04:20]} c4 {[%emt 0:00:09]} 25. Nd5 {[%emt 0:01:42]} Rcc8 {[%emt 0:00:31]} 26. Qh4 {[%emt 0:01:48]} Rb8 {[%emt 0:02:33]} (26... exd4 $142 27. cxd4 (27. Bxd4 Qb7 $16) 27... Qe6) 27. Rf1 {[%emt 0:01:00]} f5 {[%emt 0:00:43]} (27... Qb7 $16 {was called for.} 28. Nb6 exd4 29. cxd4 Bc6) 28. exf5 {[%emt 0:00:50]} Bxf5 {[%emt 0:00:10]} 29. dxe5 {[%emt 0:02:45]} Bxe5 {[%emt 0:00:37]} 30. Bd4 {[%emt 0:00:12]} Qd7 {[%emt 0:00:19]} 31. Nb6 {[%emt 0:05:11]} Qg7 {[%emt 0:00:43]} 32. Bc6 {[%emt 0:00:26]} Bxd4 {[%emt 0:00:51]} ({Better is} 32... Rf8) 33. cxd4 $2 {[%emt 0:04:46]} ({Weiss braucht} 33. Bxe8 $18 Bf6 34. Qe1) 33... Re2 {[%emt 0:00:19]} 34. Rae1 {[%emt 0:01:56]} Rxb2 {[%emt 0:00:20]} 35. d5 {[%emt 0:00:20]} Rd2 $14 {[%emt 0:00:15]} (35... Bd3 $11 36. Rf3 g5) 36. Qf4 {[%emt 0:00:15]} Bxh3 1-0

[Event "Reykjavik Chess Congress 2018"]
[Site "Reykjavik"]
[Date "2018.01.24"]
[Round "5"]
[White "Halldorsson, Bragi"]
[Black "Olafsson, Thorvardur"]
[Result "1/2-1/2"]
[WhiteElo "2082"]
[BlackElo "2178"]
[Annotator "TA"]
[PlyCount "39"]
[EventDate "2018.??.??"]
[EventType "swiss"]
[EventCountry "ISL"]
[SourceTitle "playchess.com"]
[Source "ChessBase"]
[SourceQuality "1"]

{[%evp 23,39,-21,-11,-21,-27,-25,-24,-26,-18,-42,-41,-27,-22,-23,-20,-25,-22,-25]} 1. d4 Nf6 2. c4 c5 3. e3 g6 4. Nc3 Bg7 5. Nf3 O-O 6. Be2 cxd4 7. exd4 d5 8. O-O Nc6 9. h3 dxc4 10. Bxc4 Na5 11. Be2 Be6 12. Ne5 {D94: Grünfeld: 4 Nf3 Bg7 5 e3} (12. Bg5 Rc8 13. Rc1 Nc4 14. b3 Nd6 15. Re1 Nf5 16. Qd2 Qa5 17. Bd3 Rfe8 18. Re5 Qd8 19. Bb5 Rf8 {½-½ (106) Peng,X (2410)-Sivuk,V (2560) Sanya City 2017}) 12... Rc8 {LiveBook: 13 Games} 13. Be3 Nd5 14. Nxd5 {Black has an edge.} Bxd5 15. b3 Qd6 $146 ({Predecessor:} 15... Nc6 16. f4 Nb4 17. Bf2 a5 18. Bc4 Bxc4 19. Nxc4 e6 20. a4 {½-½ (53) Borresen,G (2243)-Johansen,T (2241) Norway 2016}) 16. Qd2 Nc6 17. Nxc6 Qxc6 18. Rac1 Qd7 19. Rxc8 Rxc8 20. Rc1 1/2-1/2

[Event "Reykjavik Chess Congress 2018"]
[Site "Reykjavik"]
[Date "2018.01.24"]
[Round "5"]
[White "Ragnarsson, Johann"]
[Black "Bjornsson, Sigurbjorn"]
[Result "0-1"]
[WhiteElo "1991"]
[BlackElo "2288"]
[Annotator "TA"]
[PlyCount "58"]
[EventDate "2018.??.??"]
[EventType "swiss"]
[EventCountry "ISL"]
[SourceTitle "playchess.com"]
[Source "ChessBase"]
[SourceQuality "1"]

{[%evp 13,58,4,39,-38,3,11,4,1,-5,2,-6,-45,-45,-33,35,-39,0,-8,0,0,0,0,0,0,0,-25,-24,-52,-45,-178,-189,-400,-400,-479,-477,-493,-482,-528,-337,-326,-319,-1072,-1066,-1139,-1137,-1120,-1101]} 1. d4 Nf6 2. c4 e6 3. Nc3 Bb4 4. e3 O-O 5. Bd3 c5 6. Nge2 Nc6 7. O-O d6 {[%cal Bd7d6,Bd6d5][%mdl 32] LiveBook: 33 Games} 8. f4 {E41: Nimzo-Indian: Rubinstein: 4...c5 5 Bd3, including Hübner Variation} (8. a3 $14 Bxc3 9. Nxc3) (8. a3 Ba5 9. Qc2 h6 10. b3 cxd4 11. Nxd4 Nxd4 12. exd4 Bb6 13. Ne2 e5 14. dxe5 dxe5 15. Bb2 Re8 {1-0 (50) Popilski,G (2492)-Bartel,M (2650) Basel 2014}) 8... Bxc3 9. Nxc3 cxd4 $146 ({Predecessor:} 9... e5 10. fxe5 dxe5 11. d5 Bg4 12. Qe1 Nb8 13. Qh4 Nbd7 14. Bxh7+ Nxh7 15. Qxg4 {1-0 (35) Hennecke,U (1894)-Soellig,M (1968) Bockenem 2004}) 10. exd4 {The position is equal.} d5 11. c5 b6 12. cxb6 Qxb6 13. Be3 Na5 ({Black should play} 13... Qxb2 $15 14. Nb5 Qb4) 14. f5 (14. Na4 $14 Qd8 15. b3) 14... Nc4 15. Na4 Qc6 16. Bg5 {Threatens to win with Bxf6.} exf5 $1 17. b3 Nb6 {[%cal Bc4b6,Bb6a4,Ba4b2,Bb2d3][%mdl 32]} 18. Rc1 (18. Bxf5 Nxa4 19. Bxf6 Bxf5 $11) 18... Qd6 19. Bf4 Qb4 {And now ...Nxa4 would win.} 20. Be5 Nxa4 21. Bxf6 {[#]} (21. bxa4 $15 Ne4 22. Qb3 Qxb3 23. axb3) 21... Nb2 $1 $19 {[%cal Rb2d1]} (21... gxf6 22. bxa4 Qxd4+ 23. Rf2 $15) 22. Qh5 $2 (22. Qf3 {was forced.} gxf6 23. Bb1) 22... gxf6 ({Don't go for} 22... Nxd3 $2 {[#]} 23. Qg5 $1 $18 {[%mdl 512]}) 23. Qh4 Nxd3 24. Rf3 {Intending Rg3+ and mate.} f4 ({Resist} 24... Ne5 25. Rh3 $19) 25. Qxf6 Qb6 ({Not} 25... Nxc1 26. Qg5+ Kh8 27. Qf6+ Kg8 28. Qg5+ Kh8 29. Qf6+ Kg8 $11) 26. Rc6 Qd8 27. Qh6 $2 (27. Rxd3 Qxf6 28. Rxf6) 27... Bf5 {Black is clearly winning.} 28. Rf6 Bg6 29. Qh4 Qe8 {Precision: White = 32%, Black = 54%.} 0-1

[Event "Reykjavik Chess Congress 2018"]
[Site "Reykjavik"]
[Date "2018.01.24"]
[Round "5"]
[White "Bjornsson, Eirikur K"]
[Black "Thorfinnsson, Bragi"]
[Result "0-1"]
[WhiteElo "1934"]
[BlackElo "2426"]
[Annotator "TA"]
[PlyCount "69"]
[EventDate "2018.??.??"]
[EventType "swiss"]
[EventCountry "ISL"]
[SourceTitle "playchess.com"]
[Source "ChessBase"]
[SourceQuality "1"]

{[%evp 9,69,10,17,7,8,6,-6,4,20,19,34,34,39,39,63,62,58,58,111,98,118,121,108,118,168,112,160,143,154,166,182,176,183,195,217,104,100,0,0,0,52,0,0,0,0,-131,-79,-91,7,-16,-3,-74,-90,-113,-107,-100,-110,-643,-667,-639,-631,-29990]} 1. c4 f5 2. Nc3 Nf6 3. d4 e6 4. Qc2 Bb4 5. Bg5 O-O {LiveBook: 3 Games} (5... c5 $5 {[%cal Rc5d4]}) 6. e3 {A85: Dutch Defence: 2 c4 Nf6 3 Nc3} b6 7. Bd3 Bb7 8. f3 {The position is equal.} Qe8 9. Nge2 (9. Bxf6 Rxf6 10. Nge2 d6 11. O-O-O Bxc3 12. Nxc3 {0-1 (61) Haast,M (2346)-L'Ami,E (2606) playchess.com INT 2016}) 9... c5 $146 ({Predecessor:} 9... Qg6 10. Bxf6 Rxf6 11. Nf4 Qh6 12. O-O-O Nc6 13. Kb1 Nxd4 14. exd4 Qxf4 {0-1 (57) Hoffmann,U (2168)-Just,W (2186) Germany 2013}) 10. a3 Bxc3+ 11. Nxc3 Nc6 12. dxc5 bxc5 13. O-O Qh5 (13... Rd8 $14) 14. Bf4 $16 {[%cal Bg5f4,Bf4d6,Bd6c5,Bc5f2,Bf2g1][%mdl 32]} Rac8 15. Bd6 Rf7 16. Bxc5 Ne8 17. e4 (17. Nb5 $18) 17... f4 18. Bf2 Rf6 19. Rad1 Qg5 20. Kh1 Rg6 {[%csl Gg6][%cal Rg5g2]} 21. Bg1 Nf6 {[#] ...Nh5 would now be nice for Black.} 22. h3 (22. e5 $1 $18 {[%cal Re5f6][%mdl 512] and the rest is easy.} Nxe5 23. Bxg6 Nxg6 24. Qe2 (24. Bxa7 Rxc4 25. Qb3 Ba6 $18)) 22... Nh5 23. Rfe1 Ng3+ 24. Kh2 Ne5 {[%cal Bc6e5,Be5c4,Bc4e3][%mdl 32]} 25. Qf2 (25. Bxa7 $14 d6 26. Qf2) 25... Rf8 $11 26. Rd2 Rh6 $1 27. Bf1 (27. Red1 $11) 27... Bc6 ({Black should try} 27... Qh4 28. Red1 Ba6) 28. b4 Nxf1+ (28... Qg4 $17 29. Red1 Rxh3+ $1 {[%mdl 512]} 30. gxh3 Nxf3+ 31. Kg2 Qg6 32. Qxf3 (32. Kxf3 {leads to mate.} Bxe4+ 33. Nxe4 Qxe4+ 34. Kg4 f3+ 35. Kxg3 Qf4#) 32... Nxe4+ 33. Qg4 (33. Kh2 $2 Nxd2 34. Qf2 Nf3+ 35. Kh1 Nxg1+ 36. Nd5 exd5 $19) 33... Nf6+ 34. Kh2 Nxg4+ 35. hxg4 Qxg4) 29. Rxf1 {Qe2 is the strong threat.} Nxc4 30. Ra2 (30. Re2 $11 {keeps the balance.}) 30... Ne3 $17 {Strongly threatening ...Qg3+!} 31. Re1 {[#]} Qe5 $1 $36 {[%cal Re5c3][%mdl 2048] Keeping White busy.} 32. Rc1 d5 {[%cal Rd5e4]} 33. Qe2 $2 {[%mdl 8192]} (33. Nd1 $17 Ba4 34. Qb2) 33... dxe4 $19 34. Nxe4 Bxe4 35. fxe4 {Precision: White = 46%, Black = 58%.} 0-1

[Event "Reykjavik Chess Congress 2018"]
[Site "Reykjavik"]
[Date "2018.01.31"]
[Round "6"]
[White "Bjornsson, Sigurbjorn"]
[Black "Viglundsson, Bjorgvin"]
[Result "1-0"]
[WhiteElo "2288"]
[BlackElo "2167"]
[Annotator "TA"]
[PlyCount "73"]
[EventDate "2018.??.??"]
[EventType "swiss"]
[EventCountry "ISL"]
[SourceTitle "playchess.com"]
[Source "ChessBase"]
[SourceQuality "1"]

{[%evp 12,73,-2,-2,-3,-19,-29,-28,-14,-17,-27,-26,-28,-45,-27,-21,-16,-23,-11,-17,-23,-32,-21,-64,-45,-34,0,-41,-44,-41,-47,-26,-37,-37,0,-79,0,0,0,0,0,0,0,0,0,0,0,0,68,76,164,197,195,197,202,202,191,19,198,189,179,152,348,82]} 1. e4 e6 2. d4 d5 3. Nd2 Nf6 4. Bd3 c5 5. c3 cxd4 6. cxd4 dxe4 7. Nxe4 {LiveBook: 46 Games} Nbd7 {C05: French Tarrasch: 3...Nf6 4 e5 Nfd7, 5 f4 and 5 Bd3 sidelines} (7... Bd7 8. Nc3 Bc6 9. Nf3 Nbd7 10. O-O Be7 11. Qe2 O-O 12. Ne5 Nxe5 13. dxe5 Nd5 14. Rd1 g6 15. Bd2 {0-1 (51) Heberla,B (2531)-Vallejo Pons,F (2689) Germany 2016}) 8. Nf3 Nxe4 9. Bxe4 Nf6 {Black has an edge.} 10. Bc2 Bb4+ 11. Kf1 Bd7 12. Bg5 Bb5+ $146 ({Predecessor:} 12... h6 13. Bh4 {1-0 (30) Harasta,I (2159)-Listiak,J (2009) Slovakia 2006}) 13. Kg1 Be7 14. h4 Rc8 15. Rc1 h6 16. Bf4 O-O 17. Qd2 Qd5 $36 {[%mdl 2048] Black has some pressure.} 18. Rh3 Nh5 {[#]} 19. Bxh6 $1 {[%mdl 512]} gxh6 (19... Qxa2 20. g4 $16) 20. Qxh6 {[%csl Gc2][%cal Rh6h7]} Rxc2 $1 21. Rxc2 {aiming for Ne5.} Qf5 ({Not} 21... Qxa2 $2 22. Qxh5 Bd3 23. Rg3+ Bg6 24. Qh6 $18) 22. Rc3 $1 {And now Ne5 would win.} Qh7 23. Qxh7+ Kxh7 24. Rc7 Bd6 25. Ng5+ Kg6 $1 26. Rxb7 Bc6 27. Rxa7 {Black must now prevent Ra6.} Nf4 28. Re3 {Threatens to win with g3.} Nxg2 29. Nxe6 Rg8 (29... Rb8 $11 30. Rc3 Bd5) 30. Rc3 $14 Bd5 (30... Nxh4 $16 31. Rxc6 Kf5+ 32. Kf1 Kxe6) 31. Nc7 Kf5 {[%cal Rg2e3]} 32. Nxd5 Ne3+ 33. Kh1 Nxd5 {[#]} 34. Rxf7+ $2 (34. Rc6 $1 $18 {[%cal Rc6d6]} Rd8 35. Rxf7+ Ke4 36. h5) 34... Ke4 $2 (34... Ke6 $11 {and Black is okay.} 35. Rcf3 Rh8) 35. Rc6 $18 Bf4 36. h5 Kf3 $2 {[#]} (36... Rg4 $16 37. a4 Kf3) 37. Rg6 $2 {Precision: White = 59%, Black = 52%.} (37. h6 $1 $18 {[%cal Rh6h7] is the precise move to win.} Re8 38. Rg7) 1-0

[Event "Reykjavik Chess Congress 2018"]
[Site "Reykjavik"]
[Date "2018.01.31"]
[Round "6"]
[White "Ptacnikova, Lenka"]
[Black "Ragnarsson, Dagur"]
[Result "1/2-1/2"]
[WhiteElo "2218"]
[BlackElo "2332"]
[Annotator "TA"]
[PlyCount "74"]
[EventDate "2018.??.??"]
[EventType "swiss"]
[EventCountry "ISL"]
[SourceTitle "playchess.com"]
[Source "ChessBase"]
[SourceQuality "1"]

{[%evp 16,74,-14,-15,-16,-24,-9,-34,11,-37,-41,-72,-66,-80,-61,-56,-29,-36,0,-4,19,0,12,0,24,0,20,0,7,-33,-31,-25,122,81,81,79,77,79,69,16,16,15,56,43,41,55,45,6,28,0,8,8,20,0,0,0,20,0,0,0,25]} 1. Nf3 d5 2. g3 Bg4 3. Bg2 Nd7 4. d4 e6 5. O-O Ngf6 6. Nbd2 Be7 {D02: 1 d4 d5 2 Nf3 sidelines, including 2...Nf6 3 g3 and 2...Nf6 3 Bf4} 7. Re1 O-O 8. c3 c5 9. h3 {LiveBook: 4 Games} Bxf3 $146 ({Predecessor:} 9... Bh5 10. e4 cxd4 11. cxd4 Rc8 12. e5 Ne8 13. Nb3 Nc7 14. Bd2 {1-0 (67) Cobb,J (2411)-Rowson,J (2581) England 2012}) 10. Nxf3 Qb6 11. e3 Rfd8 12. dxc5 Nxc5 13. Nd4 e5 14. Nb3 e4 15. Nxc5 Bxc5 16. Re2 Qe6 17. Rd2 a5 18. a4 Rd6 19. Rb1 Rc8 20. b4 Bb6 21. bxa5 Bxa5 22. Rxb7 Bxc3 23. Rc2 Nd7 (23... d4 $1 $11 {keeps the balance.} 24. Ba3 Rdd8 25. exd4 e3) 24. Ba3 Rb6 25. Rxb6 Nxb6 26. Rc1 Ba5 27. Rc5 (27. Rxc8+ $14 Qxc8 28. Bb2) 27... Rxc5 $11 28. Bxc5 Nc4 29. Qb3 {[#] Qb8+ would kill now.} h5 30. Bd4 Kh7 31. h4 Qf5 32. Qd1 Nd2 {The position is equal.} 33. Bb6 Bb4 34. Bc5 Ba5 35. Bb6 Bb4 36. Bc5 Ba5 37. Bb6 Bb4 {Precision: White = 31%, Black = 46%.} 1/2-1/2

[Event "Reykjavik Chess Congress 2018"]
[Site "Reykjavik"]
[Date "2018.01.31"]
[Round "6"]
[White "Loftsson, Hrafn"]
[Black "Bergsson, Stefan"]
[Result "0-1"]
[WhiteElo "2163"]
[BlackElo "2093"]
[Annotator "TA"]
[PlyCount "66"]
[EventDate "2018.??.??"]
[EventType "swiss"]
[EventCountry "ISL"]
[SourceTitle "playchess.com"]
[Source "ChessBase"]
[SourceQuality "1"]

{[%evp 21,65,21,30,-22,-19,-22,-22,-47,-23,-22,-14,-177,-122,-137,0,0,0,0,0,0,0,8,123,141,100,60,57,-162,-160,-250,-235,-724,-719,-699,-678,-29986,-29987,-29987,-29977,-29988,-29989,-29997,-29998,-29998,-29999,-29999]} 1. d4 Nf6 2. Nf3 g6 3. c4 Bg7 4. Nc3 O-O 5. e4 d6 6. Be2 e5 7. Be3 Ng4 8. Bg5 f6 9. Bc1 Nc6 {E92: King's Indian: Classical: 6 Be2 e5: 7 dxe5, 7 Be3 and Petrosian System without 7...Nbd7} 10. d5 (10. O-O Nxd4 11. Nxd4 exd4 12. Qxd4 f5 13. Qd5+ Kh8 14. Bxg4 c6 15. Qd3 fxg4 16. Be3 Be6 17. Bd4 Be5 18. b3 Qg5 19. Ne2 h5 20. Rad1 a5 {1-0 (59) Ivanchuk,V (2731)-Amin,B (2634) Tsaghkadzor 2015}) 10... Nd4 11. Nxd4 exd4 {LiveBook: 29 Games. The position is equal.} 12. Qxd4 (12. Nb5 $142 $1 f5 13. O-O) 12... f5 $11 13. Qd1 fxe4 14. Nxe4 Qe7 15. f3 Bf5 16. O-O $146 (16. Ng3 $11 {and White stays safe.}) ({Predecessor:} 16. h3 Bxe4 17. hxg4 Bxf3 18. gxf3 Rxf3 {1-0 (38) Luukkonen,T (2287)-Virtanen,A (2337) Finland 2009}) 16... Nxh2 ({Black should play} 16... Bxe4 $19 17. h3 Bxf3 $1 {[%mdl 512]} 18. Bxf3 Ne5) 17. Kxh2 $17 Qh4+ (17... Bxe4 $17 18. fxe4 Rxf1 19. Bxf1 Qh4+ 20. Kg1 Rf8) 18. Kg1 $11 Bxe4 19. fxe4 {Strongly threatening Be3.} Rxf1+ 20. Kxf1 {Hoping for Bf3.} (20. Bxf1 $2 {is the wrong capture.} Rf8 $19) 20... Rf8+ $1 ({Wrong is} 20... Qh1+ $2 21. Kf2 $16) 21. Bf3 Qxe4 (21... g5 $1 $11 {keeps the balance.} 22. Qe1 Qh5) 22. Qe2 $16 Qh4 {With the idea ...Qh1+.} 23. Qf2 Qxc4+ 24. Kg1 $2 {[#]} (24. Qe2 $1 $14 {keeps the upper hand.} Qh4 25. Qf2 Qc4+ 26. Qe2) 24... Re8 $1 $19 {[%mdl 1024] aiming for ...Bd4. Black has strong compensation.} 25. Kh2 {[#]} (25. b3 $17 {is a better defense.} Qd4 26. Bb2 Qxb2 27. Qxb2 Bxb2 28. Rb1 Bd4+ 29. Kf1) 25... Bd4 $1 $40 {[%cal Rd4f2][%mdl 128] Black wants a kill.} 26. Qd2 $2 (26. Qh4 Be5+ 27. Bf4 Bxf4+ 28. Kh1) 26... Be5+ 27. Kh3 Qf1 {( -> ...Qh1+)} 28. Kg4 h5+ {Black mates.} 29. Kh4 Qh1+ 30. Kg5 Kg7 31. Qd3 Bf6+ 32. Kf4 Qh4+ 33. g4 Qh2# {Precision: White = 11%, Black = 81%.} 0-1

[Event "Reykjavik Chess Congress 2018"]
[Site "Reykjavik"]
[Date "2018.01.31"]
[Round "6"]
[White "Ingvason, Johann"]
[Black "Briem, Stephan"]
[Result "1-0"]
[WhiteElo "2161"]
[BlackElo "1890"]
[Annotator "TA"]
[PlyCount "111"]
[EventDate "2018.??.??"]
[EventType "swiss"]
[EventCountry "ISL"]
[SourceTitle "playchess.com"]
[Source "ChessBase"]
[SourceQuality "1"]

{[%evp 11,111,27,33,11,27,41,59,41,54,6,22,33,218,146,232,235,239,235,234,193,95,-186,0,0,0,0,0,-41,-43,-38,254,254,216,224,844,-135,-138,-140,1478,1437,1428,1432,1354,1350,1241,1174,1173,0,0,0,933,0,975,0,2259,2029,1906,1856,1477,573,975,912,883,855,731,875,909,834,891,845,856,798,1169,776,628,382,1367,1333,1302,1274,12838,12839,12837,2185,12842,12842,12843,12843,12843,12843,12845,12845,12847,12847,12850,12850,12850,29986,12851,29988,12851,29993]} 1. e4 c5 2. Nf3 d6 3. d4 cxd4 4. Nxd4 Nf6 5. Nc3 a6 6. h3 g6 7. Be3 {B90: Sicilian Najdorf: Unusual White 6th moves, 6 Be3 Ng4 and 6 Be3 e5} (7. g3 Nc6 8. Be3 Bg7 9. Bg2 O-O 10. O-O Nd7 11. b3 Nxd4 12. Bxd4 Bxd4 13. Qxd4 b6 14. Nd5 Bb7 {½-½ (40) Carlsen,M (2832)-Nakamura,H (2785) Stavanger 2017}) 7... Bg7 8. g4 h5 {[%cal Rh5g4]} 9. g5 {White is slightly better.} Nfd7 10. Bc4 $146 ({Predecessor:} 10. Bg2 Nc6 11. O-O O-O 12. f4 Nxd4 13. Bxd4 e5 14. fxe5 Nxe5 15. Nd5 Qxg5 16. Be3 Qd8 17. Bb6 Qg5 18. Be3 Qd8 19. Bb6 Qg5 20. Be3 {½-½ (20) Kjartansson,G (2456)-Vishnu,P (2543) Douglas 2017}) 10... O-O 11. f4 {[%cal Bf2f4,Bf4f5][%mdl 32]} e5 $2 (11... Nc6 $14) 12. f5 exd4 (12... Nb6 $16 13. Bb3 exd4 14. fxg6 d5 15. Nxd5 fxg6 16. Nxb6+ Kh7 17. Nxa8 Qe7) 13. fxg6 $18 Ne5 14. Qxh5 {[%csl Gg6][%cal Rh5h7]} Nxg6 15. Qxg6 {White threatens Bxd4 and mate.} dxe3 (15... d5 $18 16. Bxd5 Qxd5 17. Qxg7+ Kxg7 18. Nxd5 dxe3) 16. O-O $2 {[%mdl 8192]} (16. Qh5 $1 $16 {keeps the pressure on.} Qa5 17. O-O) 16... Be6 $2 (16... d5 $1 $19 17. Bxd5 Qxd5 $1 {[%mdl 512]} 18. Qxg7+ Kxg7 19. exd5 Bxh3) 17. Bxe6 $40 {[%mdl 128] White mounts an attack.} fxe6 18. Qxe6+ Kh8 $1 19. Qg4 Nd7 {Hoping for ...Bxc3.} 20. Nd5 {aiming for Qh5+.} Rc8 $2 {[%mdl 8192]} (20... e2 $15 {keeps the upper hand.} 21. Rxf8+ Qxf8 22. Qxe2 Qg8) 21. Qh5+ $18 Kg8 22. g6 {[%csl Gg6][%cal Rh5h7]} Rf2 $2 (22... Rxf1+ 23. Rxf1 Nf8) 23. Nxe3 $2 (23. Qh7+ $18 Kf8 24. Nxe3 Rcxc2 25. Nxc2) 23... Nf6 $17 24. Qh4 Re2 $2 {[%mdl 8192]} (24... Rxf1+ $17 25. Rxf1 Qb6 26. Rxf6 Qxe3+ 27. Rf2 Bh6) 25. Nd5 $18 {[%cal Rf1f6] Threatening mate with Rxf6.} Rcxc2 26. Nxf6+ Kf8 27. Nh5+ Ke8 28. Nxg7+ Kd7 29. Qg4+ $2 ({White should play} 29. Rf7+ $18 Kc8 30. Qxd8+ Kxd8 31. Ne6+ Ke8 32. Nc7+ Kd8 33. g7 Rg2+ 34. Kf1) 29... Kc6 $11 {( -> ...Qb6+)} 30. Qf4 $1 Rg2+ 31. Kh1 Qh4 $2 {[%mdl 8192] [#]} (31... Qh8 $11 32. Qf3 Rh2+ 33. Kg1 Qxg7 34. e5+ Kc7 35. Qf7+ Kb6) 32. Rf3 $2 (32. Qxh4 $2 {leads to mate.} Rh2+ 33. Kg1 Rcg2#) (32. Qxd6+ $1 $18 {[%mdl 512]} Kxd6 33. Nf5+ Ke6 34. Nxh4 Rh2+ 35. Kg1 Rxh3 36. Nf5) 32... Rh2+ $2 {[%mdl 8192]} (32... Qxf4 $11 33. Rxf4 Rh2+ 34. Kg1 Rcg2+ 35. Kf1 Rc2) 33. Qxh2 $18 Rxh2+ 34. Kxh2 Qxe4 35. Rg3 Qe5 36. Rf1 Qxb2+ 37. Kh1 Qxg7 {[%mdl 4096] Endgame KQ-KRR} 38. Rf7 Qe5 39. Rgf3 Qe1+ {[#]} 40. Kh2 $1 Qe2+ 41. Kg3 Qxa2 42. g7 Qb1 43. R3f6 a5 $2 (43... b5 44. Re7 Qg1+ 45. Kh4 b4) 44. Kh4 Qh7+ 45. Kg5 Qxh3 46. Kg6 Qg4+ 47. Kh7 Qe4+ 48. Rg6 Qh4+ 49. Rh6 Qe4+ 50. Kh8 Qe3 51. Rff6 Qe8+ 52. g8=Q Qxg8+ 53. Kxg8 b5 54. Rxd6+ Kc5 55. Rc6+ Kd5 56. Rhd6+ {Precision: White = 59%, Black = 19%.} 1-0